When policymakers and parents meet political discourses: Fields and subject positions in the finnish debates on Children´s day care/
Este documento examina cómo los legisladores y los ciudadanos participan en los debates sobre guarderías infantiles en Finlandia. Las teorías Bourdieusian y Foucauldian se reúnen para investigar dos aspectos de la acción política: las posiciones sociales desde las cuales los actores participan en lo...
שמור ב:
| מחבר ראשי: | |
|---|---|
| פורמט: | ספר |
| שפה: | English |
| נושאים: | |
| תגים: |
הוספת תג
אין תגיות, היה/י הראשונ/ה לתייג את הרשומה!
|
MARC
| LEADER | 00000nam a22000007a 4500 | ||
|---|---|---|---|
| 003 | cru CIDCACS/IIS | ||
| 005 | 20181107152506.0 | ||
| 007 | ta | ||
| 008 | 180906s2016 -uk|||p|r||||||0| ||eng | | ||
| 999 | |c 41647 |d 41647 | ||
| 040 | |c cru CIDCACS/IIS | ||
| 100 | 1 | |9 7644 |a Autto, Janne | |
| 245 | 1 | |a When policymakers and parents meet political discourses: |b Fields and subject positions in the finnish debates on Children´s day care/ |c Janne Autto | |
| 300 | |a páginas 94-118 | ||
| 520 | |a Este documento examina cómo los legisladores y los ciudadanos participan en los debates sobre guarderías infantiles en Finlandia. Las teorías Bourdieusian y Foucauldian se reúnen para investigar dos aspectos de la acción política: las posiciones sociales desde las cuales los actores participan en los debates y las posiciones que los participantes construyen para los ciudadanos. Analiza cómo los actores justifican sus propuestas de políticas con supuestos populares sobre la posición de las familias, los niños y las madres. Concluye que las similitudes y diferencias en las estrategias de los responsables políticos y los ciudadanos pueden explicarse en términos de la interacción de sus posiciones de agencia y posiciones de sujeto discursivo. | ||
| 650 | 0 | |9 3753 |a PODER LEGISLATIVO | |
| 650 | 0 | |9 3691 |a POLITICA | |
| 650 | 0 | |9 91 |a FAMILIA | |
| 650 | 0 | |9 3201 |a NIÑOS | |
| 650 | 0 | |9 5172 |a MADRES | |
| 651 | 0 | |9 7924 |a FINLANDIA | |
| 773 | 0 | |0 40836 |9 2240 |d Reino Unido : Oxford University Press |o 18961 |t Social Politics: |x 10724745 | |
| 942 | |2 ddc |c PP | ||
